000 06404cam a22019934i 4500
001 u153915
003 PE-LiUPU
005 20250813165323.0
008 150720s2013 pe a rb 000 0 spa d
020 _a612302745X
020 _a9786123027452
035 _a(Sirsi) i9786123027452
040 _aPE-LiUPU
_bspa
_cPE-LiUPU
_dPE-LiUPU
_erda
082 0 4 _a657
_bZ36 2012
082 0 4 _a657
_bZ36
_221
100 1 _aZans Arimana, Walter,
_d1959- ,
_eautor.
245 1 0 _aContabilidad básica II :
_bconcordante con el plan contable general empresarial modificado (Resolución 043-2010-EF/94) y con los formatos de la SUNAT /
_cWalter Zans.
250 _aSegunda edición.
264 1 _aLima :
_bEdit. San Marcos,
_c2013.
300 _a330 páginas :
_bilustraciones ;
_c24 centímetros
336 _atext
_2rdacontent
337 _aunmediated
_2rdamedia
338 _avolume
_2rdacarrier
504 _aBibliografía: página 331.
505 0 _aEnfoque general del segundo curso -- Repaso del primer curso -- Terminología contable -- Libro Caja -- Libro de Caja Chica -- Libro Bancos -- Registro de Ventas e Ingresos -- Registro de Compras -- Registro de Letras por Cobrar.
526 _aP203
526 _aP200
526 _aSEG65
526 _aSEG64
526 _aSEG63
526 _aSEG62
526 _aSEG61
526 _aSEG60
526 _aSEG59
526 _aSEG58
526 _aSEG57
526 _aSEG56
526 _aSEG55
526 _aSEG54
526 _aSEG53
526 _aSEG52
526 _aSEG51
526 _aSEG50
526 _aSEG49
526 _aSEG48
526 _aSEG47
526 _aSEG46
526 _aSEG24
526 _aSEG23
526 _aSEG22
526 _aSEG21
526 _aSEG20
526 _aSEG19
526 _aSEG18
526 _aSEG17
526 _aSEG16
526 _aSEG14
526 _aSEG13
526 _aSEG12
526 _aSEG11
526 _aSEG10
526 _aSEG09
526 _aSEG06
526 _aSEG05
526 _aSEG04
526 _aSEG03
526 _aSEG02
526 _aSEG68
526 _aSEG66
526 _aSEG45
526 _aSEG25
526 _aSEG01
526 _aP163
526 _aP162
526 _aP161
526 _aP160
526 _aP159
526 _aP158
526 _aP157
526 _aP156
526 _aP155
526 _aP154
526 _aP153
526 _aP152
526 _aP151
526 _aP150
526 _aP149
526 _aP142
526 _aP141
526 _aP140
526 _aP139
526 _aP138
526 _aP137
526 _aP132
526 _aP131
526 _aP130
526 _aP126
526 _aP125
526 _aP124
526 _aP123
526 _aP115
526 _aP122
526 _aP121
526 _aP116
526 _a P114
526 _aP112
526 _aP111
526 _aP104
526 _aP103
526 _aP102
526 _aP101
526 _aP100
526 _aP96
526 _aP95
526 _aP93
526 _aP92
526 _aP91
526 _aP88
526 _aP83
526 _aP82
526 _aP79
526 _aP78
526 _aP75
526 _aP74
526 _aP71
526 _aP69
526 _a P51
526 _aP49
526 _aP48
526 _aP47
526 _aP33
526 _aP31
526 _a P30
526 _aP29
526 _aP27
526 _aP26
526 _aP25
526 _aP24
526 _a P22
526 _aP10
526 _aP09
526 _a P08
526 _aP06
526 _aP05
526 _aP04
526 _aP01
541 _g001-0039194;
541 _g423-0000041;
596 _a1 2 3
650 1 4 _aContabilidad
_xEstudio y enseñanza.
650 2 4 _aContabilidad
_xNormas
_zPerú.
650 2 4 _aPlan contable general
_zPerú
_xInterpretación y aplicación.
910 _ajck
942 _2ddc
_cBOOK
949 _a657 Z36 2012
_wDEWEY
_c1
_iFJ00074
_d2018-5-24
_e2018-4-30
_f2018-2-13
_g1
_lCCODEBUJ1
_mBUJ
_n3
_p8.47
_q3
_r0
_sY
_tBOOK
_u2015-8-3
_xFCE
_PP08
_0COMPRA
_o.STAFF. Colección General Juliaca
949 _a657 Z36
_wDEWEY
_c1
_i70389
_d2018-5-31
_e2018-5-29
_f2018-2-12
_g3
_lCCODEBUL1
_mBUL
_n10
_p30.00
_q3
_r0
_sY
_tBOOK
_u2015-7-20
_xFCE
_PP08
_0COMPRA
_o.STAFF. Colección Ciencias Empresariales
949 _a657 Z36
_wDEWEY
_c1
_iFT03038
_lCCODEBUT1
_mBUT
_p10.00
_r0
_sY
_tBOOK
_u2015-10-19
_xFCE
_PP08
_0DONACION
_o.STAFF. Colección General
949 _a657 Z36
_wDEWEY
_c2
_i70390
_d2018-6-3
_e2018-5-28
_f2018-2-12
_g3
_lCCODEBUL1
_mBUL
_n13
_p30.00
_q6
_r0
_sY
_tBOOK
_u2015-7-20
_xFCE
_PP08
_0COMPRA
_o.STAFF. Colección Ciencias Empresariales
949 _a657 Z36
_wDEWEY
_c3
_i70391
_d2018-5-22
_e2018-5-18
_f2018-2-12
_g3
_lCCODEBUL1
_mBUL
_n19
_p30.00
_q4
_r0
_sY
_tBOOK
_u2015-7-20
_xFCE
_PP08
_0COMPRA
_o.STAFF. Colección Ciencias Empresariales
994 _aC0
_bPEPRU
999 _a657 Z36
_wDEWEY
_c6619
_i70389
_d6619
_e2019-6-15
_f2021-11-5
_g6
_lCCODEBUL1
_mBUL
_n19
_p30.00
_q7
_r0
_sY
_tBOOK
_u2015-7-20
_xFCE
_zP08
_0COMPRA
_o.STAFF. Colección Ciencias Empresariales
999 _a657 Z36
_wDEWEY
_c2
_i70390
_d2019-11-10
_e2019-10-27
_f2021-11-5
_g6
_lCCODEBUL1
_mBUL
_n19
_p30.00
_q12
_r0
_sY
_tBOOK
_u2015-7-20
_xFCE
_zP08
_0COMPRA
_o.STAFF. Colección Ciencias Empresariales
999 _a657 Z36
_wDEWEY
_c3
_i70391
_d2019-4-4
_e2019-4-2
_f2021-11-5
_g6
_lCCODEBUL1
_mBUL
_n25
_p30.00
_q5
_r0
_sY
_tBOOK
_u2015-7-20
_xFCE
_zP08
_0COMPRA
_o.STAFF. Colección Ciencias Empresariales
999 _a657 Z36 2012
_wDEWEY
_c1
_iFJ00074
_d2022-5-16
_e2022-5-13
_f2022-1-26
_g4
_lCCODEBUJ1
_mBUJ
_n14
_p8.47
_q16
_r0
_sY
_tBOOK
_u2015-8-3
_xFCE
_PP08
_0COMPRA
_o.STAFF. Colección General Juliaca
999 _a657 Z36
_wDEWEY
_c1
_iFT03038
_lCCODEBUT1
_mBUT
_p10.00
_r0
_sY
_tBOOK
_u2015-10-19
_xFCE
_PP08
_0DONACION
_o.STAFF. Colección General Tarapoto
999 _a657 Z36
_wDEWEY
_c2
_iFT03900
_f2019-2-20
_g1
_lCCODEBUT1
_mBUT
_p10.00
_r0
_sY
_tBOOK
_u2018-9-24
_xFCE
_PP08
_0COMPRA
_1FCOMPR2
_o.STAFF. Colección Genral Tarapoto
980 _81
_gALBERTO SANCHEZ Responsable de Automatización